Statystyki dla Miesiące francuskiego kalendarza rewolucyjnego

Kliknij tutaj aby rozwiązać quiz!

Ogólne statystyki

  • Ten quiz został rozwiązany 18 razy
  • Średni wynik to 5 z 12

Statystyki odpowiedzi

Czas trwania wg kalendarza gregoriańskiegoMiesiąc% Poprawnych
19 lipca - 17 sierpniaThermidor
100%
22 października - 20 listopadaBrumaire
40%
20 kwietnia - 19 majaFloréal
40%
22 listopada - 20 grudniaFrimaire
40%
21 marca - 19 kwietniaGerminal
40%
19 czerwca - 18 lipcaMessidor
40%
22 grudnia - 19 styczniaNivôse
40%
22 stycznia - 18 lutegoPluviôse
40%
22 września - 21 październikaVendémiaire
40%
18 sierpnia - 16 wrześniaFructidor
20%
20 maja - 18 czerwcaPrairial
20%
19 lutego - 20 marcaVentôse
20%

Rozkład punktacji

Percentyl według liczby udzielonych odpowiedzi

Procent ludzi z każdym wynikiem

Twoja historia wyników

Nie rozwiązałeś tego quizu